| 000 | 00517nam a22001817a 4500 | ||
|---|---|---|---|
| 003 | LK-CoMWRAF | ||
| 005 | 20231010134322.0 | ||
| 008 | 230923b1982 |||||||| |||| 00| 0 eng d | ||
| 040 |
_aLK-CoMWRAF _dLK-CoMWRAF _eLK-CoMWRAF |
||
| 041 | _aeng | ||
| 082 |
_a297.2 _bABB |
||
| 100 | _aAbbasi, Madani S. M. | ||
| 245 |
_aThe Family of the holy Prophet : _b[Peace be upon him] |
||
| 260 |
_aPakistan (Karachi) : _bInternational Islamic publishers, _c1982 |
||
| 300 | _a209p | ||
| 650 | _aIslam-Holy family | ||
| 942 | _cBK | ||
| 999 |
_c3631 _d3631 |
||